| 000 | 00513nam a2200145Ia 4500 | ||
|---|---|---|---|
| 008 | 170221s9999 xx 000 0 und d | ||
| 100 | _aTsfira Grebelsky-Lichtman. | ||
| 245 | 3 | _aAn Advanced Framework for Verbal Communication and Nonverbal Gestures in Parent–child Interactions | |
| 245 | _cTsfira Grebelsky-Lichtman. | ||
| 260 | _bStudies in Media and Communication | ||
| 260 | _c2013 | ||
| 650 | _xCommunication | ||
| 650 | _xMedia Arts | ||
| 856 | _uhttp://redfame.com/journal/index.php/smc/issue/view/60 | ||
| 999 |
_c310557 _d310557 |
||